| 000 | 00335nam a22001337a 4500 | ||
|---|---|---|---|
| 008 | 170320b xxu||||| |||| 00| 0 eng d | ||
| 020 | _a088167396X | ||
| 041 | _aeng | ||
| 080 | _a616.8 | ||
| 100 | _a7 | ||
| 101 | _aSHM | ||
| 245 |
_aPSYCHOLOGICAL, NEUROPSYCHIATRIC, AND SUBSTANCE ABUSE ASPECTS OF AIDS _cBRIDGE, T.P |
||
| 942 |
_2udc _cBK |
||
| 999 |
_c8160 _d8160 |
||